000 00644nam a2200205 u 4500
001 000002039
005 20240412074159.0
008 090630s2007 dr r 000 0 spa d
020 _a9789945420227
040 _aDO-SdBNP
_bspa
_cBNPHU
082 _aRD861.5
_bM516a
100 1 _aMejía, Amable,
_d1959-
_96577
245 1 3 _aEl amor y la baratija /
_cAmable Mejía.
260 _aSan Francisco de Macorís :
_bAngeles de Fierro :
_bNacional,
_c2007.
300 _a49 p. ;
_c18 cm.
590 _aInventariado, 2019/BT
650 0 _aPoesía dominicana
_966
650 0 _aLiteratura dominicana.
_967
910 _aValidado. Control de calidad MMOLINA
999 _c1904
_d1904